Biggest Cities in New Zealand - Statistics

General Stats
  • This quiz has been taken 945 times
  • The average score is 10 of 15
Answer Stats
Population City % Correct
1 1,418,000 Auckland
99%
2 397,900 Wellington
99%
3 379,100 Christchurch
97%
7 119,100 Dunedin
80%
4 212,000 Hamilton
77%
5 125,300 Napier-Hastings
65%
9 61,600 Nelson
64%
10 56,200 Rotorua
61%
13 49,000 Invercargill
59%
8 83,800 Palmerston North
55%
6 123,500 Tauranga
54%
11 53,400 New Plymouth
50%
15 34,800 Gisborne
47%
12 52,900 Whangarei
44%
14 39,400 Whanganui
32%
No matching quizzes found
Score Distribution
Percent of People with Each Score
Percentile by Number Answered
Your Score History
You have not taken this quiz